| 000 | nam a22 7a 4500 | ||
|---|---|---|---|
| 999 |
_c18714 _d18714 |
||
| 008 | 170113b xxu||||| |||| 00| 0 eng d | ||
| 020 | _a1561384348 | ||
| 050 |
_aNK 8740 _b .G79 1994 . |
||
| 100 | _aMargaret | ||
| 245 |
_aTeddy Bears : _bThe collector's Guide to selecting,restoring,and enjoying new and vintage teddy bears/ _cMargaret and Gerry Grey |
||
| 260 |
_aPhiladelphia : _bCourage books , _c1994 . |
||
| 300 |
_a80P : _bill ; _c30cm. |
||
| 500 | _aIncludes Indexes . | ||
| 650 |
_aTeddy bears _xCollectors and collecting . |
||
| 650 | _aTeddy bears. | ||
| 700 | _aGerry, Grey. | ||
| 942 |
_2lcc _cBOOKS _hNK 8740 .G79 1994 . |
||